书目信息 |
| 题名: |
大学应用物理
|
|
| 作者: | 蒲利春 , 张雪峰 主编 | |
| 分册: | ||
| 出版信息: | 北京 科学出版社 2004.09 |
|
| 页数: | 575页 | |
| 开本: | 24cm | |
| 丛书名: | ||
| 单 册: | ||
| 中图分类: | O59-43 | |
| 科图分类: | ||
| 主题词: | 应用物理学--高等学校--教材 | |
| 电子资源: | ||
| ISBN: | 7-03-013667-5 | |
| 000 | 00812nam0 2200253 450 | |
| 001 | 0138877828 | |
| 005 | 20050526113352.69 | |
| 010 | @a7-03-013667-5@dCNY 50.00 | |
| 100 | @a20050302d2004 km y0chiy0120 ea | |
| 101 | 0 | @achi |
| 102 | @aCN@b110000 | |
| 105 | @aac z 000yy | |
| 200 | 1 | @a大学应用物理@Ada xue ying yong wu li@f蒲利春, 张雪峰主编@Fpu li chun,zhang xue feng zhu bian |
| 210 | @a北京@c科学出版社@d2004.09 | |
| 215 | @a575页@c图, 肖像@d24cm | |
| 300 | @a应用型本科人才培养创新教材出版工程 | |
| 300 | @a21世纪中国高等学校应用型人才培养体系创新与实践研究成果 | |
| 320 | @a有书目。 | |
| 606 | 0 | @a应用物理学@x高等学校@x教材 |
| 690 | @aO59-43@v4 | |
| 701 | 0 | @a蒲利春@Apu li chun@4主编 |
| 701 | 0 | @a张雪峰@Azhang xue feng@4主编 |
| 801 | 0 | @aCN@bQSSK@c20050526 |
| 905 | @a10447@dO59-43@eP790 | |
| 大学应用物理/蒲利春, 张雪峰主编.-北京:科学出版社,2004.09 |
| 575页:图, 肖像;24cm |
| 应用型本科人才培养创新教材出版工程.-21世纪中国高等学校应用型人才培养体系创新与实践研究成果 |
| ISBN 7-03-013667-5:CNY 50.00 |
| ● |
| 相关链接 |
|
|
|
正题名:大学应用物理
索取号:O59-43/P790
 
预约/预借
| 序号 | 登录号 | 条形码 | 馆藏地/架位号 | 状态 | 备注 |
| 1 | 499025 | 204990251 | 自科库401/401自科库 89排2列4层/ [索取号:O59-43/P790] | 在馆 | |
| 2 | 499026 | 204990260 | 自科库401/401自科库 89排2列4层/ [索取号:O59-43/P790] | 在馆 |